000 00298nam a2200109 a 4500
005 20201002044917.0
008 140402s1971 000 spa d
100 _aMolina, Tirso, de
_966495
245 0 _aDon gil de las calzas verdes.
260 _aMadrid -- Libra,
_c1971 -- 189 p.
999 _c43159
_d43159
040 _aDO-SdBNP